LEADER 01117nam a2200205 4500 001 000000354627 003 CaOOAMICUS 005 20230710153237.0 008 230710s2023 it a 000 u ita r 040 $aSeMil$bita 245 00$aParrocchia di Santa Maria Assunta : $bGolasecca (VA) : relazione finale del restauro della scultura lignea policroma raffigurante "Cristo deposto" proveniente dalla Chiesa del Lazzaretto di Golasecca. 264 1$aBusto Arsizio :$b[s.n.],$c2023?. 300 $a13 p. :$bill. ;$c30 cm 500 $aIn testa al front : Laboratorio San Gregorio, Restauro Opere d'Arte 650 4$aRestauro.$0(OLS)http://semarc/subject/10572 850 $aSeMil 852 $aSeMil$W1$xVenegono$y1$m5B XI 2/20$j242176$B245916$CSeMilBibl$Z2$F245916 $81 996 $6245$aParrocchia di Santa Maria Assunta : $bGolasecca (VA) : relazione finale del restauro della scultura lignea policroma raffigurante "Cristo deposto" proveniente dalla Chiesa del Lazzaretto di Golasecca$9(OLS)http://semarc/title/444783 996 $6264$aBusto Arsizio :$b[s.n.]$9(OLS)http://semarc/publisher/30909 LEADER 00945nam a2200217 i 4500 001 000000058365 003 CaOOAMICUS 005 20250709160506.0 008 041112s1996 it u000 u ita u 040 $aSeMil$bita 245 14$aGli incunaboli e i manoscritti /$ca cura di Rosa Zilioli Faden. 260 $aMilano :$b[s.n.],$c1996. 300 $a129 p. ;$c30 cm. 700 1 $aZilioli Faden, Rosa.$0(OLS)http://semarc/name/29746 773 0 $aBiblioteca Civica di Palazzolo sull'Oglio$tCatalogo del Fondo Lanfranchi della Biblioteca Civica di Palazzolo sull'Oglio.$dMilano : [s.n.], 1996-$g1$w()578 850 $aSeMil 852 $aSeMil$W1$xVenegono$y1$m3Y V 19$j259442$B24518$CSeMilBibl$Z2$F24521 $81 961 $aOmaggio: Lombardia : Giunta regionale 996 $6245$aGli incunaboli e i manoscritti$9(OLS)http://semarc/title/90972 996 $6260$aMilano :$b[s.n.]$9(OLS)http://semarc/publisher/29709